| 000 | 00358nam a2200121 a 4500 | ||
|---|---|---|---|
| 001 | 000035089 | ||
| 005 | 20200930074110.0 | ||
| 008 | 111025s1983 000 spa d | ||
| 245 | 3 | _aEl poder político en el ecuador. | |
| 260 |
_aQuito, Ecuador, _c1983. |
||
| 590 | _aPerteneció a la biblioteca personal de Juan Isidro Jimenes Grullón | ||
| 999 |
_c34580 _d34580 |
||
| 040 | _aDO-SdBNP | ||